A-Team Intro Finish the Line Quiz Stats

 Plays Quiz Updated Jul 12, 2021

     
Support Sporcle.
Go Orange.
Score 0/14 Timer 03:00
0 Plays Today
Preceding words Word(s) % Correct
maybe you can hire The A-Team
91.8%
for a crimethey didn't commit
77%
was sent to prison
70.9%
if no one elsecan help
67.2%
If you have a problem
61.8%
and if you can find them
60.8%
In1972
48.1%
Preceding words Word(s) % Correct
they survive as soldiers of fortune
43.1%
a crackcommando unit
35.2%
These men promptly escaped
32.2%
by a military court
30.5%
to the Los Angeles underground
27.5%
Today still wanted by the government
24.3%
from a maximum security stockade
19.2%

From the Vault

South America by Five Letters

by LTH

Geography 60s
Sorry Peru, you're just not quite long enough to make the cut.
Remove Ads.
Support Sporcle.
Get the best of Sporcle when you Go Orange. This ad-free experience offers more features, more stats, and more fun while also helping to support Sporcle. Thank you for becoming a member.

Show Comments

Extras

Top Quizzes Today


Score Distribution

Your Account Isn't Verified!

In order to create a playlist on Sporcle, you need to verify the email address you used during registration. Go to your Sporcle Settings to finish the process.

Report this User

Report this user for behavior that violates our Community Guidelines.

Details: